Catalog

Record Details

Catalog Search



Available copies

  • 2 of 2 copies available at LARL/NWRL Consortium.
  • 2 of 2 copies available at Lake Agassiz Regional Library. (Show preferred library)

Current holds

0 current holds with 2 total copies.

Show All Copies
Location Call Number / Copy Notes Barcode Shelving Location Status Due Date
Breckenridge Public Library M CRI (Text) 33500012401139 Main Available -
Moorhead Public Library M CRI (Text) 33500012401147 Main Available -

Record details

  • ISBN: 9781250078520
  • ISBN: 1250078520
  • Physical Description: pages cm.
  • Edition: First edition.
  • Publisher: New York : Minotaur Books, 2016.

Content descriptions

General Note:
"A Thomas Dunne Book."
Summary, etc.:
"Life is never easy for Sheriff Dan Rhodes. Even ... Read More
Subject: Rhodes, Dan (Fictitious character) > Fiction.
Sheriffs > Texas > Fiction.
Murder > Investigation > Fiction.
FICTION > Mystery & Detective > Police Procedural.
Murder > Investigation.
Rhodes, Dan (Fictitious character)
Sheriffs.
Texas.
Genre: Mystery fiction.
Fiction.
LDR 02771cam a22005538i 4500
001212633
003LARL_NWRL_CONSORTIUM
00520160823133908.0
008160222s2016 nyu 000 1 eng
019 . ‡a918994760 ‡a948569518
020 . ‡a9781250078520 ‡q(hardcover)
020 . ‡a1250078520 ‡q(hardcover)
020 . ‡z9781466890824 ‡q(e-book)
035 . ‡a(OCoLC)919105962 ‡z(OCoLC)918994760 ‡z(OCoLC)948569518
042 . ‡apcc
043 . ‡an-us-tx
08200. ‡a813/.54 ‡223
084 . ‡aFIC022020 ‡2bisacsh
1001 . ‡aCrider, Bill, ‡d1941- ‡eauthor. ‡0(LARL_NWRL_CONSORTIUM)84914
24510. ‡aSurvivors will be shot again. ‡n#23/ ‡cBill Crider.
250 . ‡aFirst edition.
264 1. ‡aNew York : ‡bMinotaur Books, ‡c2016.
300 . ‡apages cm.
336 . ‡atext ‡btxt ‡2rdacontent
337 . ‡aunmediated ‡bn ‡2rdamedia
338 . ‡avolume ‡bnc ‡2rdacarrier
4900 . ‡aSheriff Dan Rhodes ; ‡v23
500 . ‡a"A Thomas Dunne Book."
520 . ‡a"Life is never easy for Sheriff Dan Rhodes. Even in a small Texas county, there's always something going on for a sheriff to look into, whether it's an attempted robbery, a marijuana patch guarded by an alligator, or a murder. This time the murdered man seems to be connected to a string of recent burglaries, but just how isn't easy to figure out. It takes some time and another murder before Sheriff Rhodes discovers the answers. Survivors Will Be Shot Again, Bill Crider's latest installment in the critically-acclaimed Sheriff Dan Rhodes mystery series, finds Rhodes dealing with murders, thefts, marijuana, and gators in Clearview, a small Texas town where secrets are easier to keep than you might think"-- ‡cProvided by publisher.
650 0. ‡aRhodes, Dan (Fictitious character) ‡vFiction. ‡0(LARL_NWRL_CONSORTIUM)174684
650 0. ‡aSheriffs ‡zTexas ‡vFiction.
650 0. ‡aMurder ‡xInvestigation ‡vFiction. ‡0(LARL_NWRL_CONSORTIUM)166203
650 7. ‡aFICTION ‡xMystery & Detective ‡xPolice Procedural. ‡2bisacsh
650 7. ‡aMurder ‡xInvestigation. ‡2fast ‡0(LARL_NWRL_CONSORTIUM)26286
650 7. ‡aRhodes, Dan (Fictitious character) ‡2fast ‡0(LARL_NWRL_CONSORTIUM)38899
650 7. ‡aSheriffs. ‡2fast ‡0(LARL_NWRL_CONSORTIUM)30868
651 7. ‡aTexas. ‡2fast ‡0(LARL_NWRL_CONSORTIUM)65986
655 7. ‡aMystery fiction. ‡2gsafd
655 7. ‡aFiction. ‡2fast
85642. ‡3Cover image ‡uhttp://www.netread.com/jcusers2/bk1388/520/9781250078520/image/lgcover.9781250078520.jpg
905 . ‡uvanderl
901 . ‡a212633 ‡b ‡c212633 ‡tbiblio ‡soclc

Additional Resources